000
00278nam a22001217a 4500
008
260326b ||||| |||| 00| 0 eng d
041
_a
frang
080
_a
1.1
100
_a
25
101
_a
Histori
245
_a
Historie del - Albanie
_c
Jean Claude Faveyria
942
_2
udc
_c
BK
999
_c
60941
_d
60941